Open Data Biblioteca Nacional de Portugal


República Portuguesa: Ministério da Cultura
Biblioteca Nacional de Portugal

Catálogo da BNP: acesso por Identificadores Unívocos
Registos Bibliográficos associados ao registo de autoridade

Etiqueta de registo: 00000nam 2200025 450
001 2284153
003 http://id.bnportugal.gov.pt/bib/catbnp/2284153
100 ## $a20260413d2026 k y0pory01030103ba
101 0# $aeng$dpor
102 ## $aPT
105 ## $aa m 000yy
106 ## $ar
200 1# $aPost-Arab Spring - consequences and challenges in the Middle East$epolitical lslam and democratic transition in Egypt$fAyman Gad Elmetwaly Elashkar$gorient. Teresa Manuela Rebelo Fernandes de Almeida e Silva
210 #9 $aLisboa$c[s.n.],$d2026
215 ## $aXI, 337 p.$cil.$d30 cm$ecurriculum vitae ([1] f.)
328 #1 $aTese dout. Relações Internacionais, Instituto Superior de Ciências Sociais e Políticas, Universidade de Lisboa, 2026
675 ## $a327.2(56+620)(043)$vBN$zpor$31998319
675 ## $a323.2(620)"2011"(043)$vBN$zpor$31998318
700 #1 $aAyman,$bGad Elmetwaly Elashkar$31995419
702 #1 $aSilva,$bTeresa de Almeida e$4727$31148780
801 #0 $aPT$bBN$gRPC
966 ## $lBN$mFGMON$sS.C. 169116 V.$x1
971 ## $corlando$d20260413
972 ## $e0$z0$d20260518$vasantos
973 ## $ctrodrigues$d20260513

OpendataBNP@bnportugal.pt | Mais informação sobre acesso aos dados BNP